[Event "GRE-chT 37th"]
[Site "Kallithea"]
[Date "2009.07.07"]
[Round "7"]
[White "Boutsioukis, Nikolaos"]
[Black "Sourlantzis, Dimitrios"]
[Result "1-0"]
[WhiteElo "1906"]
[BlackElo "1596"]
[PlyCount "91"]
[EventDate "2009.07.03"]
[EventType "team-tourn"]
[EventRounds "9"]
[EventCountry "GRE"]
[SourceTitle "CBM 131 Extra"]
[Source "ChessBase"]
[SourceDate "2009.09.03"]
[SourceVersion "2"]
[SourceVersionDate "2009.09.16"]
[SourceQuality "1"]

1. d4 Nf6 2. c4 e6 3. Nf3 d5 4. Bg5 Be7 5. e3 0-0 6. Nc3 h6 7. Bh4 b6 8. Qc2 Bb7 9. Bxf6 Bxf6 10. cxd5 exd5 11. 0-0-0 Nd7 12. g4 Bh4 13. Bd3 Qf6 14. Bf5 Nb8 15. Rhg1 Na6 16. Ne5 Rfd8 17. Bh7+ Kh8 18. f4 Nb4 19. g5 hxg5 20. fxg5 Qf2 21. Qb3 Qxe3+ 22. Kb1 Kxh7 23. Qxb4 c5 24. dxc5 Qxe5 25. Qxh4+ Kg8 26. cxb6 axb6 27. Rgf1 d4 28. Rde1 Qa5 29. g6 fxg6 30. Rd1 Qh5 31. Qe7 Ba6 32. Rf4 Re8 33. Qf7+ Kh7 34. Rfxd4 Qf5+ 35. Qxf5 gxf5 36. Rd7 Rg8 37. Nd5 Kh6 38. Rd6+ Kh7 39. Nxb6 Ra7 40. Nd7 Be2 41. R1d2 Bg4 42. b4 Re8 43. Kb2 Rea8 44. Ka1 Rb7 45. R6d4 Ra4 46. Nc5 1-0